Účtovníctvo poľnohospodárskych podnikov

Salvato in:
Dettagli Bibliografici
Autore principale: Peter, Ondrej
Altri autori: Pišvejc, Jiří, Zajko, Otakar
Natura: Libro
Lingua:slovacco
Pubblicazione: Bratislava Príroda 1982
Serie:Ekonomika poľnohospodárstva
Tags: Aggiungi Tag
Nessun Tag, puoi essere il primo ad aggiungerne!!

MARC

LEADER 00000nam a2200000 4500
001 c128809
005 20041019155244.5
041 0 |a slo 
044 |a SK 
245 1 0 |a Účtovníctvo poľnohospodárskych podnikov  |c Ondrej Peter, Jiří Pišvejc, Otakar Zajko 
264 1 |a Bratislava  |b Príroda  |c 1982 
300 |a 446 s. 
490 1 |a Ekonomika poľnohospodárstva 
830 0 |a Ekonomika poľnohospodárstva 
100 1 |a Peter, Ondrej 
700 1 |a Pišvejc, Jiří 
700 1 |a Zajko, Otakar